Statystyki dla 20 państw o największej liczbie zakażonych

Kliknij tutaj aby rozwiązać quiz!

Ogólne statystyki

  • Ten quiz został rozwiązany 52 razy
  • Średni wynik to 14 z 20

Statystyki odpowiedzi

Liczba zarażonychKraj% Poprawnych
4,10 mlnStany Zjednoczone
100%
795 tysRosja
92%
2,23 mlnBrazylia
88%
296 tysWielka Brytania
88%
245 tysWłochy
88%
178 tysFrancja
84%
1,24 mlnIndie
82%
204 tysNiemcy
82%
314 tysHiszpania
80%
362 tysMeksyk
80%
141 tysArgentyna
73%
222 tysTurcja
63%
284 tysIran
61%
394 tysRepublika Południowej Afryki
61%
336 tysChile
59%
366 tysPeru
59%
218 tysKolumbia
57%
258 tysArabia Saudyjska
45%
269 tysPakistan
41%
216 tysBangladesz
35%

Rozkład punktacji

Percentyl według liczby udzielonych odpowiedzi

Procent ludzi z każdym wynikiem

Twoja historia wyników

Nie rozwiązałeś tego quizu